[Event "4th ChessMates Murmansk 2020"]
[Site "Murmansk"]
[Date "2020.03.13"]
[Round "1.12"]
[White "Klukin, Kirill"]
[Black "Goss, Alex"]
[Result "1-0"]
[WhiteElo "2304"]
[BlackElo "1811"]
[Annotator "TA"]
[PlyCount "59"]
[EventDate "2020.03.13"]
[EventType "team-tourn"]
[EventCountry "RUS"]
[SourceTitle "playchess.com"]
[Source "ChessBase"]
[SourceQuality "1"]

{[%evp 9,59,0,40,47,47,8,49,52,47,47,47,43,46,31,63,53,87,78,77,69,75,76,106,110,127,124,144,133,163,169,166,115,170,161,170,160,161,148,161,87,183,174,332,332,533,537,522,504,974,947,1101,800]} 1. Nf3 d5 2. d4 Nf6 3. c4 c6 4. Nbd2 Bf5 5. Nh4 Bg6 6. Qb3 {D11: Slav Defence: 3 Nf3 sidelines and 3...Nf6 4 e3 Bg4.} Qc7 {The main line 6...Qc7 scores better than 6...Qb6.} 7. g3 Nbd7 8. Bg2 {White is slightly better.} e6 9. O-O Be7 10. Nxg6 hxg6 11. Nf3 dxc4 12. Qxc4 {[#]} Nb6 $146 ({Predecessor:} 12... Bd6 13. Qd3 Rd8 14. e4 e5 15. Qe2 O-O 16. dxe5 Nxe5 17. Nxe5 Bxe5 18. f4 Bd4+ {1-0 (72) Cua,S (2143)-Johansson,V (2179) Beijing 2008}) 13. Qc2 O-O 14. e4 Rac8 15. Bf4 Qd7 16. Rad1 Rfd8 17. Rfe1 Bb4 18. Re2 c5 {[%cal Rc5d4]} 19. d5 $1 exd5 {White should prevent ...d4.} 20. a3 ({White should try} 20. e5 $1 $18) 20... Ba5 {[#]} (20... d4 $16) 21. e5 $1 $18 Nh7 {[#]} 22. e6 $1 $36 {[%cal Re6d7][%mdl 2560] White is in control.} fxe6 23. Qxg6 Nf8 {[#]} 24. Qg5 (24. Qg4 $1 $18) 24... Nh7 (24... Qa4 $16 {was worth a try.} 25. Rc1 Nbd7) 25. Qh4 Nc4 $2 (25... Qf7 26. Qh3 Re8) 26. b3 Nxa3 $2 (26... Nb6 {is a better defense.} 27. Ng5 Nxg5) 27. Ne5 {White is clearly winning.} Qe8 28. Bf3 {Strongly threatening Bh5.} c4 (28... g6 $142 29. Ra1 Nb5 30. Rxa5 Nd4 31. Rxa7 Rd7) 29. Bh5 Qf8 30. Bf7+ {Accuracy: White = 82%, Black = 40%.} 1-0

[Event "4th ChessMates Murmansk 2020"]
[Site "Murmansk"]
[Date "2020.03.13"]
[Round "1.13"]
[White "Putar, Leon"]
[Black "Golikov, Daniil"]
[Result "0-1"]
[WhiteElo "1885"]
[BlackElo "2229"]
[Annotator "TA"]
[PlyCount "124"]
[EventDate "2020.03.13"]
[EventType "team-tourn"]
[EventCountry "RUS"]
[SourceTitle "playchess.com"]
[Source "ChessBase"]
[SourceQuality "1"]

{[%evp 21,124,31,75,28,41,37,47,0,0,0,0,0,12,7,33,28,42,42,34,34,48,30,120,136,123,113,179,172,240,-29,-43,-29,-18,-21,0,-58,-64,-227,-65,-68,-68,-64,-63,-65,-51,-54,-54,-52,-48,-65,-65,-74,-67,-71,-72,-77,-84,-75,-60,-63,-64,-62,-54,-77,-36,-137,-137,-162,-161,-172,-177,-532,-536,-571,-578,-573,-564,-554,-543,-1575,-2007,-1866,-1828,-1533,-1522,-2451,-948,-4129,-2118,-29969,-29972,-29973,-29972,-29973,-29972,-29975,-29976,-29976,-29977,-29977,-29978,-29979,-29978,-29974,-29974]} 1. e4 e6 2. d4 d5 3. Nd2 dxe4 4. Nxe4 Nd7 5. Nf3 Ngf6 6. Nxf6+ Nxf6 7. Bd3 c5 8. c3 cxd4 9. Nxd4 Be7 10. O-O O-O 11. Re1 Nd5 12. Qc2 {C10: French with 3 Nc3: Unusual Black 3rd moves and 3...dxe4.} h6 {[#]} 13. Bd2 $146 ({Predecessor:} 13. Qe2 Qd6 14. Qe4 Nf6 15. Qf3 Qd5 16. Qe2 a6 17. Bc4 Qc5 18. Bf4 b5 19. Bb3 Bb7 20. Nxe6 Qc6 21. Qf1 Nh5 22. Nxf8 Kxf8 23. Be5 f6 24. Bd1 {1-0 (24) Rogulj,B (2425)-Krumpacnik,D (2385) Split 1997}) 13... Bf6 14. Rad1 {White is slightly better.} Bxd4 15. cxd4 Bd7 16. Qb3 Bc6 17. Bb1 $36 {[%mdl 2048] White is more active.} Nf6 18. Qg3 {Hoping for Bxh6.} Qd5 19. Bc1 {And now Re5 would win.} Qh5 20. f3 Nd7 $1 21. Re2 Kh8 (21... Rfd8 $11) 22. d5 $1 $16 {[%cal Rd5c6]} Bxd5 23. Rd4 $1 {[%cal Rd4h4] Black must now prevent Rh4.} Rfc8 (23... Rac8 $16 24. Bd2 g5) 24. Bd2 $1 $18 {aiming for Rh4.} Rc4 {[#]} (24... Bc4 {keeps fighting.} 25. Rh4 Qc5+ 26. Kh1 Qf8) 25. Rxc4 $2 ({White must play} 25. Rg4 $1 $18 {[%cal Rg4g7]} Rac8 26. Rxg7) 25... Bxc4 $11 26. Re4 Rc8 27. h3 Bd5 28. Rh4 ({White should try} 28. Rg4 $11 Qe5 29. Bc3 Rxc3 30. bxc3) 28... Qe5 $15 29. Qg4 $2 (29. Kh2 $15) 29... Rc4 $2 (29... Qxb2 $19 30. Qb4 Qa1) 30. Qg5 $1 {[%cal Rg5d8]} Qxg5 31. Bxg5 Rxh4 32. Bxh4 {[%mdl 4096] Endgame KBB-KBN} Ne5 33. Bf2 a6 34. b3 Nc6 35. Kf1 f5 36. Ke2 Kg8 37. Bc5 Kf7 38. Ke3 g5 39. g3 Kf6 40. f4 e5 41. fxe5+ $1 Nxe5 42. h4 Nf3 43. h5 ({Better is} 43. hxg5+ $15 hxg5 44. Bb6) 43... Ne5 $17 44. Bf8 Bf7 45. Kd4 Bxh5 46. Bxh6 $2 {[#]} (46. Bd3 {is tougher.}) 46... Nd7 $1 $19 47. Kd5 {White hopes to continue with Kd6.} Bf3+ 48. Kd6 Bc6 49. Bc2 Kg6 50. g4 Kxh6 51. Bxf5 Nf6 52. Ke5 Kg7 53. Bb1 Bd7 54. a4 Bxg4 55. a5 Bf3 {Black mates.} 56. Bf5 g4 57. Kf4 Nh5+ 58. Ke3 Kf6 59. Bc8 Kg5 60. Bd7 Bd5 61. b4 Bc6 62. Bc8 Nf4 {What a bad dream for White. Accuracy: White = 58%, Black = 77%.} 0-1

[Event "4th ChessMates Murmansk 2020"]
[Site "Murmansk"]
[Date "2020.03.13"]
[Round "1.14"]
[White "Vetrov, Ivan"]
[Black "Timoshenko, Fedor"]
[Result "1-0"]
[WhiteElo "1799"]
[BlackElo "1621"]
[Annotator "NA RC"]
[PlyCount "71"]
[EventDate "2020.03.13"]
[EventType "team-tourn"]
[EventCountry "RUS"]
[SourceTitle "playchess.com"]
[Source "ChessBase"]
[SourceQuality "1"]
[TimeControl "5400+30"]

1. d4 {[%emt 0:00:00]} d5 {[%emt 0:00:00]} 2. c4 {[%emt 0:00:00]} c6 {[%emt 0:00:00]} 3. cxd5 {[%emt 0:02:02]} cxd5 {[%emt 0:01:05]} 4. Nc3 {[%emt 0:00:08]} Nf6 {[%emt 0:00:30]} 5. Nf3 {[%emt 0:00:33]} Nc6 {[%emt 0:00:48]} 6. Bf4 {[%emt 0:05:37]} e6 {[%emt 0:04:59]} 7. e3 {[%emt 0:00:44]} Bb4 {[%emt 0:03:40]} 8. Bd3 {[%emt 0:01:56]} O-O {[%emt 0:03:16]} 9. O-O {[%emt 0:00:14]} Nh5 {[%emt 0:01:20]} 10. Bg5 {[%emt 0:01:42]} Be7 {[%emt 0:02:29]} 11. Bxe7 {[%emt 0:01:29]} Qxe7 {[%emt 0:00:27]} 12. Ne5 {[%emt 0:01:16]} g6 {[%emt 0:09:54]} 13. Nxc6 {[%emt 0:03:09]} bxc6 {[%emt 0:00:14]} 14. Na4 {[%emt 0:01:43]} f6 {[%emt 0:03:23]} 15. Rc1 {[%emt 0:02:43]} Bd7 {[%emt 0:02:22]} 16. Qd2 {[%emt 0:11:24]} Ng7 {[%emt 0:07:10]} 17. Nc5 {[%emt 0:03:41]} e5 {[%emt 0:05:23]} 18. Nxd7 {[%emt 0:07:42]} Qxd7 {[%emt 0:00:13]} 19. dxe5 {[%emt 0:00:01]} fxe5 {[%emt 0:00:09]} 20. Qc3 {[%emt 0:00:04]} e4 {[%emt 0:09:45]} 21. Bc2 {[%emt 0:00:46]} Rf5 {[%emt 0:13:39]} 22. Ba4 {[%emt 0:01:50]} Raf8 {[%emt 0:01:20]} 23. Qxc6 {[%emt 0:01:18]} Qe7 {[%emt 0:02:50]} 24. Bb3 {[%emt 0:04:38]} Qg5 {[%emt 0:01:57]} 25. Rcd1 {[%emt 0:02:19]} Kh8 {[%emt 0:01:25]} 26. Bxd5 {[%emt 0:09:11]} Nh5 {[%emt 0:05:27]} 27. Bxe4 {[%emt 0:01:11]} Rc5 {[%emt 0:03:36]} 28. Qd6 {[%emt 0:00:26]} Kg7 {[%emt 0:03:31]} 29. Rd5 {[%emt 0:01:46]} Rxd5 {[%emt 0:00:21]} 30. Qxd5 {[%emt 0:00:04]} Qe7 {[%emt 0:02:00]} 31. Bf3 {[%emt 0:00:45]} Rd8 {[%emt 0:01:12]} 32. Qc4 {[%emt 0:00:20]} Nf6 {[%emt 0:00:44]} 33. Rc1 {[%emt 0:00:15]} Rd7 {[%emt 0:00:57]} 34. h3 {[%emt 0:00:27]} Qe5 {[%emt 0:00:27]} 35. Qc3 {[%emt 0:00:40]} Qe6 {[%emt 0:00:39]} 36. Bg4 {[%emt 0:00:13]} 1-0

[Event "4th ChessMates Murmansk 2020"]
[Site "Murmansk"]
[Date "2020.03.13"]
[Round "1.15"]
[White "Putar, Lara"]
[Black "Zhuravlev, Aleksandr"]
[Result "0-1"]
[WhiteElo "1799"]
[BlackElo "2059"]
[Annotator "TA"]
[PlyCount "100"]
[EventDate "2020.03.13"]
[EventType "team-tourn"]
[EventCountry "RUS"]
[SourceTitle "playchess.com"]
[Source "ChessBase"]
[SourceQuality "1"]

{[%evp 24,100,51,8,27,-66,8,-170,-170,-177,-155,-172,-175,-220,-208,-230,-255,-279,-280,-252,-200,-302,-306,-331,-365,-373,-375,-372,-374,-420,-410,-395,-354,-358,-364,-351,-352,-330,-237,-245,-237,-244,-232,-244,-245,-239,-238,-247,-242,-285,-285,-285,-284,-285,-251,-5801,-5593,-5585,-2879,-2720,-2457,-5297,-3846,-6727,-6606,-29944,-5509,-29972,-29973,-29976,-29977,-29979,-29980,-29980,-29980,-29980,-29981,-29982,-29974]} 1. d4 Nf6 2. c4 e6 3. Nf3 c5 4. d5 exd5 5. cxd5 d6 6. Nc3 g6 7. e4 Bg7 8. Be2 O-O 9. O-O a6 10. a4 Re8 11. Nd2 Nbd7 12. Qc2 Rb8 13. f4 Qe7 {A69: Modern Benoni: Four Pawns Attack with 9...Re8.} 14. Rb1 {[#]} ({White should play} 14. Qb3 $11) 14... h6 $146 (14... c4 $1 $15 15. Bf3 (15. Bxc4 Nc5 $15) 15... Nc5 16. Nxc4 Nfxe4 17. Nxe4 Nxe4 18. Bxe4 Qxe4 19. Qxe4 Rxe4 20. Nxd6 Rd4) ({Predecessor:} 14... h5 15. e5 dxe5 16. f5 e4 17. fxg6 fxg6 18. Nc4 b5 19. axb5 axb5 20. Na5 c4 21. Nc6 {1-0 (35) Steinmacher,J (2030)-Jacob,V (2240) Germany 1993}) 15. Nc4 $2 (15. h3 $11 {and White stays safe.}) 15... Nxe4 $19 {Black is clearly better.} 16. Nxe4 Qxe4 17. Qxe4 Rxe4 18. Bd3 Rd4 $1 {[%csl LRd3,LRd5][%mdl 64] Double Attack} 19. Be2 Rxd5 20. Be3 b5 21. Na5 {White wants to play Nc6.} Rb6 (21... bxa4 22. Nc6 $11) 22. Bf3 (22. b4 $142) 22... Rd3 23. Rfe1 {[#]} Rxe3 $1 {[%mdl 64] Remove Defender} 24. Rxe3 {Hoping for Re8+.} Bd4 25. Rbe1 {If only White now had time for Nc6....} bxa4 26. Kf1 {And now Re8+ would win.} Bxe3 27. Rxe3 Nf6 28. Nc4 Rb4 29. Nxd6 Be6 ({Inferior is} 29... Rxb2 30. Nxc8 Rb8 31. Nd6 $14) 30. Nb7 Rxf4 31. Nxc5 Bc4+ 32. Ke1 Bb5 33. Rc3 Rb4 34. Rc2 Kg7 35. Bb7 a5 36. Ba6 Bxa6 37. Nxa6 {[%mdl 4096] Endgame KRN-KRN} Rb6 38. Nc5 Rc6 39. Kd2 $2 {[#]} (39. Rc3) 39... Rxc5 $1 {[%mdl 64] Remove Defender, Decoy} 40. Rxc5 {KR-KN} Ne4+ {[%mdl 64] Double Attack} 41. Kd3 Nxc5+ {KN-K3P} 42. Kc4 Ne6 43. Kb5 Nf4 44. Kxa4 Nd3 (44... Nxg2 $142 45. Kxa5 f5 46. b4 f4 47. b5 Ne3 48. b6 Nc4+ 49. Kb4 Nxb6 50. Kc3 f3 51. Kd2 Nc4+ 52. Ke1 g5 53. Kf1 Nd2+ 54. Kf2 g4 55. Kg3 h5 56. Kf2 h4 57. Ke1 g3 58. hxg3 h3 59. Kxd2 h2 60. Kd3 h1=Q 61. Ke3 Qd1 62. g4 Kg6 63. g5 Kxg5 64. Ke4 f2 65. Ke3 f1=Q 66. Ke4 Qf4#) 45. Kb3 Kf6 {Black mates.} 46. Kc3 {[#]} Nxb2 $1 47. Kxb2 Kf5 48. Ka3 Ke4 49. Ka4 Ke3 50. g4 Kf4 {Black took control after the opening. Accuracy: White = 51%, Black = 91%.} 0-1

[Event "4th ChessMates Murmansk 2020"]
[Site "Murmansk"]
[Date "2020.03.13"]
[Round "1.16"]
[White "Kataev, Aleksandr"]
[Black "Solovyev, Vladislav B."]
[Result "1-0"]
[WhiteElo "1978"]
[BlackElo "1410"]
[Annotator "TA"]
[PlyCount "45"]
[EventDate "2020.03.13"]
[EventType "team-tourn"]
[EventCountry "RUS"]
[SourceTitle "playchess.com"]
[Source "ChessBase"]
[SourceQuality "1"]

{[%evp 9,45,12,12,11,3,0,-10,-17,-16,-13,-11,-10,-10,-25,-26,-20,26,25,27,13,106,102,118,117,124,111,138,135,137,136,1000,992,1197,1195,1185,1176,1120,1127]} 1. d4 d5 2. Nf3 Nf6 3. e3 Bf5 4. Bd3 Bxd3 5. cxd3 e6 6. Nc3 {D04: Colle System.} c5 7. dxc5 Bxc5 8. O-O {[#] The position is equal.} O-O $146 ({Predecessor:} 8... Nc6 9. b3 d4 10. Na4 Be7 11. e4 e5 12. Nb2 O-O 13. a4 Nd7 14. Nc4 f6 {½-½ (21) Spano Cuomo,G-De Blasio,A Italy 1998}) 9. b3 Nc6 10. Bb2 Re8 11. d4 Bd6 12. Qd3 e5 13. dxe5 Nxe5 14. Qe2 Qe7 {[#]} (14... Nxf3+ $11 {remains equal.} 15. Qxf3 Be5) 15. Rad1 $1 $16 Rad8 16. Nxd5 Nxd5 17. Rxd5 Ng6 {aiming for ...Nf4!} 18. Qd2 Qe6 {And now ...Bxh2+! would win.} 19. Rd1 $40 {[%mdl 128] White is out for blood.} Bb4 $2 {[%mdl 8192] [#] This costs Black the game.} (19... Qxd5 $16 20. Qxd5 Bc7) 20. Qd4 $1 $18 {[%csl Gb2][%cal Rd4g7][%mdl 64] Double Attack. White is clearly winning.} Qf6 21. Rxd8 Rxd8 22. Qxd8+ Qxd8 23. Rxd8+ {Accuracy: White = 100%, Black = 45%.} 1-0

[Event "4th ChessMates Murmansk 2020"]
[Site "Murmansk"]
[Date "2020.03.13"]
[Round "1.17"]
[White "Iarovoi, Dmitrii"]
[Black "Poliato, Irina"]
[Result "1-0"]
[WhiteElo "1346"]
[BlackElo "1588"]
[Annotator "NA RC"]
[PlyCount "125"]
[EventDate "2020.03.13"]
[EventType "team-tourn"]
[EventCountry "RUS"]
[SourceTitle "playchess.com"]
[Source "ChessBase"]
[SourceQuality "1"]
[TimeControl "5400+30"]

1. Nf3 {[%emt 0:00:00]} d5 {[%emt 0:00:00]} 2. d4 {[%emt 0:00:00]} Nf6 {[%emt 0:00:00]} 3. c4 {[%emt 0:00:18]} e6 {[%emt 0:00:06]} 4. Bg5 {[%emt 0:00:04]} Be7 {[%emt 0:00:17]} 5. Nc3 {[%emt 0:00:06]} O-O {[%emt 0:00:09]} 6. e3 {[%emt 0:00:10]} h6 {[%emt 0:00:06]} 7. Bh4 {[%emt 0:00:07]} b6 {[%emt 0:00:20]} 8. cxd5 {[%emt 0:00:30]} exd5 {[%emt 0:00:43]} 9. Bd3 {[%emt 0:00:17]} Be6 {[%emt 0:00:51]} 10. Rc1 {[%emt 0:00:43]} c5 {[%emt 0:07:41]} 11. O-O {[%emt 0:01:06]} Qc7 {[%emt 0:07:43]} 12. Bg3 {[%emt 0:00:26]} Qb7 {[%emt 0:00:25]} 13. Qe2 {[%emt 0:05:16]} c4 {[%emt 0:07:33]} 14. Bb1 {[%emt 0:00:18]} b5 {[%emt 0:04:44]} 15. e4 {[%emt 0:06:09]} b4 {[%emt 0:02:00]} 16. exd5 {[%emt 0:00:01]} Nxd5 {[%emt 0:01:46]} 17. Nxd5 {[%emt 0:05:07]} Bxd5 {[%emt 0:00:18]} 18. Rfe1 {[%emt 0:00:32]} Bxf3 {[%emt 0:09:30]} 19. gxf3 {[%emt 0:01:55]} f5 {[%emt 0:23:40]} 20. Qxe7 {[%emt 0:01:01]} Qxf3 {[%emt 0:02:31]} 21. Qe2 {[%emt 0:01:44]} Qxe2 {[%emt 0:00:33]} 22. Rxe2 {[%emt 0:00:01]} Nd7 {[%emt 0:05:13]} 23. Bd6 {[%emt 0:00:12]} Rf6 {[%emt 0:01:50]} 24. Bxb4 {[%emt 0:00:08]} Nb6 {[%emt 0:00:34]} 25. Re5 {[%emt 0:00:25]} g6 {[%emt 0:01:40]} 26. Rce1 {[%emt 0:00:05]} Rf7 {[%emt 0:03:47]} 27. d5 {[%emt 0:00:52]} Rd7 {[%emt 0:00:56]} 28. d6 {[%emt 0:00:01]} Rad8 {[%emt 0:01:10]} 29. Re7 {[%emt 0:00:22]} Nd5 {[%emt 0:00:45]} 30. Rxd7 {[%emt 0:00:10]} Rxd7 {[%emt 0:00:08]} 31. Bc5 {[%emt 0:00:29]} Kf7 {[%emt 0:01:47]} 32. Bc2 {[%emt 0:00:15]} Rb7 {[%emt 0:05:15]} 33. Re5 {[%emt 0:01:55]} Nf4 {[%emt 0:04:16]} 34. Re7+ {[%emt 0:00:53]} Rxe7 {[%emt 0:00:09]} 35. dxe7 {[%emt 0:00:03]} Nd5 {[%emt 0:01:14]} 36. Ba4 {[%emt 0:00:16]} Nxe7 {[%emt 0:00:14]} 37. Bxe7 {[%emt 0:00:01]} Kxe7 {[%emt 0:00:09]} 38. Bb5 {[%emt 0:00:06]} Kd6 {[%emt 0:01:07]} 39. Bxc4 {[%emt 0:00:06]} Kc5 {[%emt 0:00:09]} 40. Bf7 {[%emt 0:00:09]} g5 {[%emt 0:00:08]} 41. Kg2 {[%emt 0:00:10]} Kd4 {[%emt 0:00:34]} 42. Kf3 {[%emt 0:01:02]} a5 {[%emt 0:00:35]} 43. Bg6 {[%emt 0:00:18]} Ke5 {[%emt 0:00:13]} 44. a3 {[%emt 0:00:06]} Kd4 {[%emt 0:00:41]} 45. Bxf5 {[%emt 0:00:20]} Kc4 {[%emt 0:00:05]} 46. Be6+ {[%emt 0:00:09]} Kd3 {[%emt 0:00:13]} 47. b4 {[%emt 0:00:03]} axb4 {[%emt 0:00:08]} 48. axb4 {[%emt 0:00:08]} Kd4 {[%emt 0:00:08]} 49. Kg4 {[%emt 0:00:06]} Ke5 {[%emt 0:00:13]} 50. Kh5 {[%emt 0:00:46]} Kxe6 {[%emt 0:00:06]} 51. Kxh6 {[%emt 0:00:01]} g4 {[%emt 0:00:11]} 52. Kg5 {[%emt 0:00:04]} Kd5 {[%emt 0:00:16]} 53. Kxg4 {[%emt 0:00:06]} Kc4 {[%emt 0:00:02]} 54. h4 {[%emt 0:00:08]} Kxb4 {[%emt 0:00:04]} 55. h5 {[%emt 0:00:02]} Kc4 {[%emt 0:00:08]} 56. h6 {[%emt 0:00:06]} Kd3 {[%emt 0:00:04]} 57. h7 {[%emt 0:00:06]} Ke2 {[%emt 0:00:04]} 58. h8=Q {[%emt 0:00:09]} Kxf2 {[%emt 0:00:06]} 59. Qe5 {[%emt 0:00:09]} Kg2 {[%emt 0:00:06]} 60. Qe3 {[%emt 0:00:02]} Kh1 {[%emt 0:00:12]} 61. Qe2 {[%emt 0:00:03]} Kg1 {[%emt 0:00:14]} 62. Kg3 {[%emt 0:00:01]} Kh1 {[%emt 0:00:08]} 63. Qf1# {[%emt 0:00:01]} 1-0

[Event "4th ChessMates Murmansk 2020"]
[Site "Murmansk"]
[Date "2020.03.13"]
[Round "1.18"]
[White "Khmil, Fedor"]
[Black "Pereverzev, Valerii"]
[Result "1-0"]
[WhiteElo "1470"]
[BlackElo "1379"]
[Annotator "NA RC"]
[PlyCount "69"]
[EventDate "2020.03.13"]
[EventType "team-tourn"]
[EventCountry "RUS"]
[SourceTitle "playchess.com"]
[Source "ChessBase"]
[SourceQuality "1"]
[TimeControl "5400+30"]

1. e4 {[%emt 0:00:00]} c5 {[%emt 0:00:00]} 2. Nf3 {[%emt 0:00:00]} Nc6 {[%emt 0:00:00]} 3. d4 {[%emt 0:00:00]} cxd4 {[%emt 0:00:00]} 4. Nxd4 {[%emt 0:00:00]} Nf6 {[%emt 0:00:10]} 5. Nc3 {[%emt 0:00:00]} e5 {[%emt 0:00:11]} 6. Ndb5 {[%emt 0:00:00]} d6 {[%emt 0:00:07]} 7. Bg5 {[%emt 0:00:19]} a6 {[%emt 0:00:07]} 8. Na3 {[%emt 0:00:04]} b5 {[%emt 0:00:08]} 9. Nd5 {[%emt 0:00:11]} Be7 {[%emt 0:00:10]} 10. Bxf6 {[%emt 0:00:06]} Bxf6 11. c3 {[%emt 0:00:21]} O-O {[%emt 0:00:22]} 12. Be2 {[%emt 0:00:13]} Bg5 {[%emt 0:00:37]} 13. O-O {[%emt 0:00:16]} f5 {[%emt 0:00:33]} 14. f3 {[%emt 0:05:09]} Be6 {[%emt 0:04:04]} 15. Nc2 {[%emt 0:01:11]} Ne7 {[%emt 0:00:35]} 16. Ncb4 {[%emt 0:03:21]} Ng6 {[%emt 0:13:31]} 17. a4 {[%emt 0:09:14]} Qd7 {[%emt 0:05:13]} 18. axb5 {[%emt 0:05:47]} axb5 {[%emt 0:00:30]} 19. Qd3 {[%emt 0:01:53]} Rxa1 {[%emt 0:06:04]} 20. Rxa1 {[%emt 0:00:07]} fxe4 {[%emt 0:00:30]} 21. fxe4 {[%emt 0:00:48]} Qf7 {[%emt 0:05:16]} 22. Kh1 {[%emt 0:16:47]} Nh4 {[%emt 0:40:18]} 23. Rf1 {[%emt 0:05:29]} Qa7 {[%emt 0:00:37]} 24. Rxf8+ {[%emt 0:02:40]} Kxf8 {[%emt 0:00:10]} 25. g3 {[%emt 0:02:49]} Qf2 {[%emt 0:01:35]} 26. gxh4 {[%emt 0:01:18]} Bf4 {[%emt 0:01:43]} 27. Nxf4 {[%emt 0:01:03]} exf4 {[%emt 0:00:23]} 28. Qxd6+ {[%emt 0:05:21]} Kf7 {[%emt 0:00:07]} 29. Nd3 {[%emt 0:16:12]} Qxe2 {[%emt 0:01:55]} 30. Qxe6+ {[%emt 0:00:07]} Kxe6 {[%emt 0:00:46]} 31. Nxf4+ {[%emt 0:00:07]} Ke5 {[%emt 0:00:18]} 32. Nxe2 {[%emt 0:00:06]} Kxe4 {[%emt 0:00:14]} 33. Nd4 {[%emt 0:00:09]} b4 {[%emt 0:00:38]} 34. Ne6 {[%emt 0:00:09]} b3 {[%emt 0:01:18]} 35. Nc5+ {[%emt 0:00:05]} 1-0

[Event "4th ChessMates Murmansk 2020"]
[Site "Murmansk"]
[Date "2020.03.13"]
[Round "1.20"]
[White "Ivashevskiy, Artem"]
[Black "Bueckert, Lucy"]
[Result "0-1"]
[WhiteElo "1233"]
[BlackElo "1302"]
[Annotator "NA RC"]
[PlyCount "82"]
[EventDate "2020.03.13"]
[EventType "team-tourn"]
[EventCountry "RUS"]
[SourceTitle "playchess.com"]
[Source "ChessBase"]
[SourceQuality "1"]
[TimeControl "5400+30"]

1. c4 {[%emt 0:00:00]} e5 {[%emt 0:00:00]} 2. Nc3 {[%emt 0:00:00]} Bb4 {[%emt 0:00:20]} 3. Nf3 {[%emt 0:01:05]} Bxc3 {[%emt 0:00:59]} 4. bxc3 {[%emt 0:00:15]} e4 {[%emt 0:01:06]} 5. Nd4 {[%emt 0:00:19]} d5 {[%emt 0:01:26]} 6. cxd5 {[%emt 0:05:24]} Qxd5 {[%emt 0:02:08]} 7. Qc2 {[%emt 0:03:27]} c5 {[%emt 0:02:18]} 8. Nb3 {[%emt 0:00:47]} Bf5 {[%emt 0:02:02]} 9. e3 {[%emt 0:03:53]} Ne7 {[%emt 0:02:36]} 10. Ba3 {[%emt 0:03:56]} b6 {[%emt 0:02:19]} 11. d4 {[%emt 0:04:09]} exd3 {[%emt 0:00:58]} 12. Qd2 {[%emt 0:01:51]} Nbc6 {[%emt 0:02:26]} 13. Rc1 {[%emt 0:06:13]} Ne5 {[%emt 0:03:56]} 14. Rd1 {[%emt 0:09:50]} O-O {[%emt 0:02:29]} 15. h3 {[%emt 0:19:03]} Rfd8 {[%emt 0:04:16]} 16. Rg1 {[%emt 0:10:30]} Bxh3 {[%emt 0:02:59]} 17. f4 {[%emt 0:01:46]} Bg4 {[%emt 0:02:11]} 18. fxe5 {[%emt 0:02:12]} Bxd1 {[%emt 0:00:23]} 19. Kxd1 {[%emt 0:00:13]} Qxe5 {[%emt 0:00:41]} 20. c4 {[%emt 0:05:42]} Qh2 {[%emt 0:02:25]} 21. Qf2 {[%emt 0:00:50]} Qh5+ {[%emt 0:02:13]} 22. g4 {[%emt 0:01:45]} Qg6 {[%emt 0:01:13]} 23. Kd2 {[%emt 0:00:58]} Rab8 {[%emt 0:02:18]} 24. Nc1 {[%emt 0:00:35]} Qe4 {[%emt 0:02:49]} 25. Bxd3 {[%emt 0:01:16]} Qxc4 {[%emt 0:00:39]} 26. Qe2 {[%emt 0:04:46]} Nc6 {[%emt 0:02:05]} 27. Ke1 {[%emt 0:00:16]} Qc3+ {[%emt 0:00:36]} 28. Kf2 {[%emt 0:02:45]} Qxa3 {[%emt 0:00:33]} 29. Qc2 {[%emt 0:00:44]} g6 {[%emt 0:01:57]} 30. Bc4 {[%emt 0:01:25]} Ne5 {[%emt 0:03:25]} 31. Bb3 {[%emt 0:01:03]} Qb4 {[%emt 0:02:03]} 32. Ne2 {[%emt 0:01:51]} Nxg4+ {[%emt 0:01:34]} 33. Kf3 {[%emt 0:00:37]} Ne5+ {[%emt 0:02:53]} 34. Kf2 {[%emt 0:00:28]} Rd6 {[%emt 0:01:37]} 35. Kf1 {[%emt 0:03:40]} Rf6+ {[%emt 0:00:29]} 36. Nf4 {[%emt 0:00:59]} Rd8 {[%emt 0:02:45]} 37. Rg2 {[%emt 0:00:46]} Nd3 {[%emt 0:02:59]} 38. Kg1 {[%emt 0:01:46]} Nxf4 {[%emt 0:01:05]} 39. exf4 {[%emt 0:00:04]} Rxf4 {[%emt 0:01:55]} 40. Rxg6+ {[%emt 0:02:15]} Kh8 {[%emt 0:02:47]} 41. Rh6 {[%emt 0:00:34]} Qe1+ {[%emt 0:00:37]} 0-1